|
|
|
|
| LEADER |
01872nam a2200481 a 4500 |
| 001 |
nkc20091849937 |
| 003 |
CZ PrNK |
| 005 |
20161217235012.0 |
| 007 |
ta |
| 008 |
090105s2009 xr ac e 001 0 cze |
| 015 |
|
|
|a cnb001849937
|
| 020 |
|
|
|a 978-80-256-0094-8
|q (váz.)
|
| 035 |
|
|
|a (OCoLC)316681019
|
| 040 |
|
|
|a ABA001
|b cze
|
| 041 |
1 |
|
|a cze
|h eng
|
| 043 |
|
|
|a x------
|
| 072 |
|
7 |
|a 72
|x Architektura
|2 Konspekt
|9 21
|
| 080 |
|
|
|a 72:904
|2 MRF
|
| 080 |
|
|
|a (100)
|2 MRF
|
| 080 |
|
|
|a (084.11)
|2 MRF
|
| 245 |
0 |
0 |
|a Divy světové architektury :
|b mistrovská díla architektury a techniky /
|c Henry J. Cowan ... [et al.] ; editor Trevor Howells ; [překlad Helena Svobodová, Lenka Vacinová]
|
| 246 |
3 |
0 |
|a Mistrovská díla architektury a techniky
|
| 250 |
|
|
|a 2. české vyd.
|
| 260 |
|
|
|a Praha :
|b Svojtka & Co.,
|c 2009
|
| 300 |
|
|
|a 256 s. :
|b il. (převážně barev.), potrtéty ;
|c 29 cm
|
| 500 |
|
|
|a Přeloženo z angličtiny
|
| 500 |
|
|
|a Terminologický slovník
|
| 500 |
|
|
|a Obsahuje rejstřík
|
| 650 |
0 |
7 |
|a architektonické památky
|7 ph118585
|z země světa
|2 czenas
|
| 650 |
0 |
9 |
|a architectural monuments
|z countries of the world
|2 eczenas
|
| 655 |
|
7 |
|a obrazové publikace
|7 fd132947
|2 czenas
|
| 655 |
|
9 |
|a pictorial works
|2 eczenas
|
| 700 |
1 |
|
|a Cowan, Henry J.
|q (Henry Jacob),
|d 1919-2007
|7 xx0053521
|4 aut
|
| 700 |
1 |
|
|a Howells, Trevor,
|d 1949-
|7 xx0054592
|4 edt
|
| 700 |
1 |
|
|a Svobodová, Helena
|7 xx0071406
|4 trl
|
| 700 |
1 |
|
|a Vacinová, Lenka
|7 xx0071405
|4 trl
|
| 765 |
0 |
|
|t World's greatest buildings
|9 Česky
|
| 856 |
4 |
1 |
|u http://www.digitalniknihovna.cz/mzk/uuid/uuid:bb7b8630-b155-11e6-88f6-005056827e52
|y Digitalizovaný dokument
|x NDK
|
| 910 |
2 |
|
|a BOA001
|b 3-1220.393
|
| 990 |
|
|
|a BK
|
| 995 |
|
|
|a 01
|
| 991 |
|
|
|b 200903
|c NOV
|
| 996 |
6 |
|
|b 2610370964
|c 3-1220.393
|l MZK
|r Sklad / do 1 hodiny
|n 0
|p p.v.
|w 000933396
|u 000010
|a 1
|e BOA001
|j MZK50
|s P
|